Undone #1 / Rachel Caine.
Available copies
- 1 of 1 copy available at LARL/NWRL Consortium.
Current holds
0 current holds with 1 total copy.
Show Only Available Copies
| Location | Call Number / Copy Notes | Barcode | Shelving Location | Status | Due Date |
|---|---|---|---|---|---|
| Roseau Public Library | pb CAI (Text) | 35500005942790 | Main | Available | - |
Record details
- ISBN: 9780451462619
- ISBN: 0451462610
- Physical Description: 308 p. ; 18 cm.
- Publisher: New York : ROC, 2009.
Content descriptions
| General Note: | "Outcast season: book one"--T.p. "ROC fantasy." |
| Summary, etc.: | Once she was Cassiel, a Djinn of limitless power. ... Read More |
Search for related items by subject
| Genre: | Fantasy fiction. |
Search for related items by series
| LDR | 00898cam a2200253Ia 4500 | ||
|---|---|---|---|
| 001 | 264661 | ||
| 003 | LARL_NWRL_CONSORTIUM | ||
| 005 | 20170830162618.0 | ||
| 008 | 080705s2009 nyu 000 1 eng d | ||
| 020 | . | ‡a9780451462619 ‡q(pbk.) | |
| 020 | . | ‡a0451462610 ‡q(pbk.) | |
| 035 | . | ‡a(OCoLC)233548371 | |
| 040 | . | ‡aBTCTA ‡cBTCTA ‡dBAKER ‡dKLC ‡dWIQ ‡dGZD | |
| 099 | . | ‡aSF | |
| 100 | 1 | . | ‡aCaine, Rachel. ‡0(LARL_NWRL_CONSORTIUM)208549 |
| 245 | 1 | 0. | ‡aUndone ‡n#1 / ‡cRachel Caine. |
| 260 | . | ‡aNew York : ‡bROC, ‡c2009. | |
| 300 | . | ‡a308 p. ; ‡c18 cm. | |
| 490 | 0 | . | ‡aOutcast season ; ‡v1 |
| 500 | . | ‡a"Outcast season: book one"--T.p. | |
| 500 | . | ‡a"ROC fantasy." | |
| 520 | . | ‡aOnce she was Cassiel, a Djinn of limitless power. Now, she has been reshaped in human flesh as punishment for defying her master--and living among the Weather Wardens, whose power she must tap into regularly or she will die. | |
| 655 | 7. | ‡aFantasy fiction. ‡2gsafd | |
| 901 | . | ‡a264661 ‡b ‡c264661 ‡tbiblio | |

Add to basket
Permalink
Disable Highlighting